Quizzes
Events
Quiz Creation
Community
Videos
Private Events
Remove Ads
Sign In
Join for FREE
Feedback
Dark Mode
Quiz Categories
Sports
Geography
Music
Movies
Television
Just For Fun
Miscellaneous
History
Literature
Language
Science
Gaming
Entertainment
Religion
Holiday
For Kids
Quiz Lab
Recent
Popular Today
Quiz Kudos Today
Editor Picks
Curator Picks
Quizzes by...
Day
Popularity
Type
Ratings
Length
Year
Community
Subscriptions
Recent Discussions
Orange Saloon
Badges
Playlists
Quests
Create
Leaderboards
Showdown
Live 5
Trivia Bingo
Activity
Puzzle Library
Sporcle Events
Private Events
Virtual Trivia
Globe League
Become a Host
Pub Owners
SporcleCon
Opinionation
Our Games
Videos
Blog
Mobile Apps
Partnerships
Remove Ads and Go Orange
Feedback
Movies
Disney
Marvel Cinematic Universe
Movie Resume
Movie Titles
Oscar
Actor
Actress
Director
Pixar
Role
Movie Quotes
Movie Characters
Box Office
Nominee
Best Picture
Star Wars
James Bond
Horror Movies
Movies
Disney
Marvel Cinematic Universe
Movie Resume
Movie Titles
Oscar
Actor
Actress
Director
Pixar
Role
Movie Quotes
Movie Characters
Box Office
Nominee
Best Picture
Star Wars
James Bond
Horror Movies
Random Quiz
Search Sporcle
×
Quiz Lab
Quiz Lab
Movies
Movie Quotes
Select answers by clicking on text or image buttons
Select answers by clicking on text or image buttons
Clickable
Best Score? Go Orange.
50 Flicks to Click (1954) Stats
Can you pick the missing words from the titles of these movies from 1954?
By
lyndrix
7m
50 Questions
369 Plays
369 Plays
369 Plays
Comments
Comments
Give Quiz Kudos
Give Quiz Kudos
-
- Ratings
hide this ad
Forced Order
Answers have to be entered in order
Answers have to be entered in order
Replay
Link that replays current quiz
Next Quiz
Link to next quiz in quiz playlist
You Got
0%
They Got
Avg Score
50%
Avg Friend Score
Upgrade to see
Score Distribution
Jump to the score distribution portion of the page
Score
0/50
Timer
07:00
0
Plays Today
% Correct
Star
61.5%
Lagoon
61%
Brides
59.6%
Fountain
59.6%
Leagues
59.3%
Show
59.3%
Waterfront
59.1%
Window
58.8%
Glenn
58.5%
Heart
58.5%
Hell
58.3%
Caine
58%
Mighty
57.7%
Animal
57.5%
Return
56.6%
Samurai
56.1%
Contessa
55.6%
Belles
53.7%
Inspector
52.6%
Guitar
52%
Prince
52%
Choice
51.8%
Carmen
50.9%
Paris
50.9%
Christmas
50.7%
% Correct
Kings
50.1%
Diamond
49.9%
Evil
49.3%
Chalice
49.3%
Bridges
49.1%
Susan
48.8%
Brown
48.8%
Gladiators
48%
Appointment
47.4%
River
47.2%
Italy
45.8%
Drum
45.5%
Tiger
45.5%
Country
45.3%
Desire
44.4%
Obsession
44.4%
Suite
43.6%
Widow
43.1%
Elephant
42.5%
Jungle
37.1%
Gay
36.6%
Arrow
36.3%
Trailer
35.8%
Night
31.2%
Plain
31.2%
Quiz Playlist
Details
Report
Send in Message
Add To Playlist
Clickable:
Select answers by clicking on text or image buttons
Forced Order:
Answers have to be entered in order
Last Updated: Apr 12, 2019
Quiz Scoreboard
CHALLENGE
Sign Up to Join the Scoreboard
Show All
Scores
Hide
Comments
May contain spoilers
Recently Published
Street Fighter Characters
by Artimus82
Gaming
60s
9x9 Crossword: Cartoon Network
by jackfrog10
Miscellaneous
3m
College Basketball Coaching Resumes
by pancakes188
Sports
9m
More to Explore
Quiz From the Vault
Featured Blog Post
Where Did the Easter Bunny Come From?
hide this ad
You Might Also Like...
Tags
Movie Characters Quiz
Movie Quotes Quiz
Movie Titles Quiz
Movie Franchises
Movie Heroes
Movie Moments
Movie Opening
Movie Prequels
Movie Stars
Movie Studios
Today's Top Quizzes in Movies
Browse Movies
hide this ad
Today's Top Quizzes in Movie Quotes
Browse Movie Quotes
Top Contributed Quizzes in Movies
1
Pick 5 Posters: Directed by Spielberg
2
7-to-1: Pixar Characters
3
Pick 5 Posters: Lowest-Rated Spielberg
4
Hidden Star Wars Character II
5
Sorting Actors
6
Sorting Actresses
7
Pick 5 Posters: Directed by Scorsese
8
Hidden Star Wars Character III
9
Pick 5 Posters: Star & Director
10
Hidden Star Wars Character IV
Explore More
Trending Topics
NBA
Anime
Harry Potter
Kpop
Crossword
Marvel
Disney
WWE
Puzzle
Pokémon
Soccer
NFL
Song
Country
The Office
hide this ad
More By:
lyndrix
Quiz
Plays
Rating
Category
Featured
Created
50 Flicks to Click (2013)
63,946
4.43
Movies
Jul 2, 2015
50 Flicks to Click (2012)
57,590
3.72
Movies
Jul 3, 2015
Follow That Line: Harry Potter I
3,970
4.55
Literature
Nov 25, 2015
Follow that line: Friends Season 2
3,839
3.78
Television
Jul 1, 2015
Follow that line: Friends Season 8
3,432
3.22
Television
Jul 2, 2015
Go to Creator's Profile
Score Distribution
Quiz Creator Spotlight
lyndrix
Follow
Send a Message
Quizzes Created
-
Created Quiz Play Count
-
More By This Creator
Popular Quizzes Today
1
Find the US States - No Outlines Minefield
2
Find the Countries of Europe - No Outlines Minefield
3
The Countries of the World
4
Find the US States
5
Risky Map Clicking: Biggest States A-Z
6
US States
7
Popular People in 1961
8
Movies - When Are They Set?
More Movies Quizzes
Movies by Scene
Published
Trending Quizzes
Risky Map Clicking: Least Populous States A-Z
1-10 Letter G Words
Risky Map Clicking: Next State Alphabetically
Adjectives in 80s TV Shows
The Seven Year Switch: Catherine
Recently Updated
Leaping Animals
pecheneg
Reality TV Shows (A-Z)
bhenderson79
Rickey Henderson's Hall of Fame Teammates
pecheneg
Champions League XIs: Arsenal
pecheneg
Quick Pick: Celebrities in WWE's Hall of Fame
aduchscher
A-Z Keypad Blitz II
pecheneg
Multiple Oscar Actors
pecheneg
Mystery Phrase Blitz: Oscar 'Best Actors'
pecheneg
F. Scott Fitzgerald Novels
LTH
Pick 3 Villains
ddd62291
Trending Topics
Anime
Disney
NBA
Harry Potter
Marvel
Kpop
Crossword
The Office
Soccer
Pokémon
NFL
WWE
Country
Song
Puzzle
Your Account Isn't Verified!
In order to create a playlist on Sporcle, you need to verify the email address you used during registration. Go to your
Sporcle Settings
to finish the process.
Report this User
Report this user for behavior that violates our
Community Guidelines
.
Details:
Send Report
Go to the Sporcle.com Mobile Site →
Comments